000 00692cam a2200241 a 4500
001 3279904
003 GBCCL
005 20241126110339.0
008 820428s1982 ilu b 000 0 eng
010 _a 82060246
020 _a0842348476 (pbk.) :
_c$5.95
040 _aDLC
_cDLC
_dDLC
050 0 0 _aBV4501
_b.P262 1982
082 0 0 _a248.4
_219
_bPAL
100 1 _aPalms, Roger C.
245 1 4 _aThe pleasure of His company /
_cRoger C. Palms.
260 _aWheaton, Ill. :
_bTyndale House Publishers,
_cc1982.
300 _a206 p. ;
_c21 cm.
504 _aBibliography: p. 205-206.
650 0 _aChristian life.
906 _a7
_bcbc
_corignew
_d3
_eopcn
_f19
_gy-gencatlg
942 _2ddc
_cBK
_01
999 _c488
_d488